Ekonomické důsledky insolvenčního a exekučního řízení v ČR a SR v době globalizace
Hlavné rozdiely medzi exekučným a konkurzným konaním a ich charakterizovanie. Úpadok a časový faktor platobnej neschopnosti. Nový český insolvenčný zákon a slovenský zákon o konkurze v prípade úpadku či platobnej neschopnosti dlžníka.
Salvato in:
| Autore principale: | |
|---|---|
| Altri autori: | |
| Natura: | Capitolo di libro |
| Lingua: | ceco |
| Soggetti: | |
| Tags: |
Nessun Tag, puoi essere il primo ad aggiungerne!!
|
MARC
| LEADER | 00000nla$a2200000$$$4500 | ||
|---|---|---|---|
| 001 | 0142791 | ||
| 005 | 20221103134152.1 | ||
| 041 | 0 | |a cze | |
| 044 | |a SK | ||
| 245 | 1 | 0 | |a Ekonomické důsledky insolvenčního a exekučního řízení v ČR a SR v době globalizace |c Karel Schelle, Ilona Schelleová |
| 520 | |a Hlavné rozdiely medzi exekučným a konkurzným konaním a ich charakterizovanie. Úpadok a časový faktor platobnej neschopnosti. Nový český insolvenčný zákon a slovenský zákon o konkurze v prípade úpadku či platobnej neschopnosti dlžníka. | ||
| 610 | 2 | 0 | |a Slovensko |
| 610 | 2 | 0 | |a Česko |
| 610 | 2 | 0 | |a druhy podnikov |
| 610 | 2 | 0 | |a úpadok podniku |
| 610 | 2 | 0 | |a konanie konkurzné |
| 610 | 2 | 0 | |a konanie exekučné daňové |
| 610 | 2 | 0 | |a insolventnosť |
| 610 | 2 | 0 | |a likvidácia |
| 610 | 2 | 0 | |a konkurzy |
| 610 | 2 | 0 | |a zákony |
| 100 | 1 | |a Schelle, Karel | |
| 700 | 1 | |a Schelleová, Ilona | |